[Event "Rhein Main op-B 15th"]
[Site "Bad Homburg"]
[Date "2012.06.09"]
[Round "6"]
[White "Feigl, Markus"]
[Black "Vaintroub, Maximilian"]
[Result "1-0"]
[WhiteElo "1872"]
[BlackElo "1302"]
[PlyCount "135"]
[EventDate "2012.06.06"]
[EventType "swiss"]
[EventRounds "7"]
[EventCountry "GER"]
[SourceTitle "EXT 2013"]
[Source "ChessBase"]
[SourceDate "2012.11.22"]
[SourceVersion "1"]
[SourceVersionDate "2012.11.22"]
[SourceQuality "1"]

1. e4 c5 2. Nc3 Nc6 3. Nf3 g6 4. d3 Bg7 5. Bd2 Nf6 6. Qc1 0-0 7. Ne2 d5 8. Ng3 Qb6 9. c3 e6 10. h3 Nd7 11. Bh6 d4 12. Nh5 dxc3 13. Bxg7 cxb2 14. Bxb2 f6 15. Nf4 Nb4 16. a3 Na6 17. Qc3 Ndb8 18. g3 Nc6 19. Ne2 Na5 20. Nc1 Nc6 21. Qb3 Qxb3 22. Nxb3 e5 23. Rc1 b6 24. Be2 Be6 25. Nbd2 Nd4 26. Nxd4 exd4 27. Bd1 Rfe8 28. Ba4 Re7 29. Bb5 Nc7 30. Bc4 Bxc4 31. Rxc4 Ne6 32. 0-0 a5 33. Rc2 b5 34. a4 b4 35. Nb3 Rc7 36. Rfc1 Rac8 37. g4 Kf7 38. Kh2 Ke7 39. Kg3 Kd6 40. Nxa5 Ra8 41. Nc4+ Kc6 42. Ra1 Rca7 43. a5 Nd8 44. Nb6 Rb8 45. Bxd4 Ne6 46. Bb2 Kb5 47. Nc4 Rf8 48. Rcc1 g5 49. Nd6+ Kc6 50. Nf5 Kb5 51. d4 Rc7 52. dxc5 Rxc5 53. a6 Rxc1 54. Bxc1 Ra8 55. a7 b3 56. Be3 Kc4 57. Rc1+ Kd3 58. Rd1+ Kc2 59. Rd2+ Kb1 60. Nd4 Nc5 61. Rd1+ Ka2 62. Ne2 b2 63. Bxc5 Kb3 64. Nd4+ Ka2 65. Nb5 b1Q 66. Nc3+ Kb2 67. Rxb1+ Kxc3 68. Rb8 1-0

[Event "Rhein Main op 12th"]
[Site "Bad Homburg"]
[Date "2009.06.14"]
[Round "7"]
[White "Busch, Florian"]
[Black "Feigl, Markus"]
[Result "0-1"]
[WhiteElo "1632"]
[BlackElo "1901"]
[PlyCount "58"]
[EventDate "2009.06.10"]
[EventType "swiss"]
[EventRounds "7"]
[EventCountry "GER"]
[SourceTitle "CBM 131 Extra"]
[Source "ChessBase"]
[SourceDate "2009.09.03"]
[SourceVersion "2"]
[SourceVersionDate "2009.09.16"]
[SourceQuality "1"]

1. e4 e6 2. d4 d5 3. Nc3 c6 4. Nf3 Be7 5. Bd3 Nd7 6. Bf4 Nf8 7. exd5 exd5 8. 0-0 Nf6 9. Re1 Ne6 10. Qd2 0-0 11. Bf5 Nxf4 12. Qxf4 Nh5 13. Qg4 g6 14. Bxc8 Rxc8 15. Re5 Ng7 16. Rae1 Bf6 17. R5e3 h5 18. Qh3 Nf5 19. Rd3 Kg7 20. g4 hxg4 21. Qxg4 Rh8 22. Ne5 Rh4 23. Qg2 Nxd4 24. Nf3 Nxf3+ 25. Rxf3 Qd6 26. Kh1 Rch8 27. h3 Qd7 28. Kh2 R8h5 29. Rg3 Be5 0-1

[Event "Rhein Main op 12th"]
[Site "Bad Homburg"]
[Date "2009.06.11"]
[Round "3"]
[White "Feigl, Markus"]
[Black "Syed, Tareq"]
[Result "0-1"]
[WhiteElo "1901"]
[BlackElo "2118"]
[PlyCount "86"]
[EventDate "2009.06.10"]
[EventType "swiss"]
[EventRounds "7"]
[EventCountry "GER"]
[SourceTitle "CBM 131 Extra"]
[Source "ChessBase"]
[SourceDate "2009.09.03"]
[SourceVersion "2"]
[SourceVersionDate "2009.09.16"]
[SourceQuality "1"]

1. e4 g6 2. d3 Bg7 3. Nf3 d6 4. Be2 e5 5. c3 Nh6 6. Qc2 f6 7. Nbd2 Nf7 8. b3 0-0 9. Bb2 Kh8 10. h3 c6 11. Nh2 Na6 12. a3 Nc7 13. Nhf1 f5 14. h4 Qe7 15. g3 b5 16. f3 Bf6 17. h5 Kg7 18. hxg6 hxg6 19. 0-0-0 c5 20. c4 Be6 21. Kb1 Rfb8 22. Ka1 a5 23. a4 bxa4 24. bxa4 Rb4 25. Ba3 Bd7 26. Bxb4 axb4 27. Kb2 Bxa4 28. Nb3 Bxb3 29. Qxb3 Ra3 30. Qc2 Ne6 31. Ra1 Nd4 32. Qd1 Qa7 33. Rh2 Bg5 34. f4 exf4 35. e5 f3 36. Bxf3 Nxf3 37. Rf2 N7xe5 38. Rxa3 Qxa3+ 39. Kb1 b3 40. Rb2 Nd4 41. Nd2 Nxd3 42. Rxb3 Nxb3 43. Qxb3 Qc1+ 0-1

[Event "Rhein Main op 11th"]
[Site "Bad Homburg"]
[Date "2008.05.21"]
[Round "1"]
[White "Pfleger, Michael"]
[Black "Feigl, Markus"]
[Result "1/2-1/2"]
[WhiteElo "2273"]
[BlackElo "1887"]
[PlyCount "128"]
[EventDate "2008.05.21"]
[EventType "swiss"]
[EventRounds "7"]
[EventCountry "GER"]
[SourceTitle "CBM 124 Extra"]
[Source "ChessBase"]
[SourceDate "2008.07.03"]
[SourceVersion "1"]
[SourceVersionDate "2008.07.03"]
[SourceQuality "1"]

1. f4 e6 2. g3 d5 3. Bg2 c6 4. c4 Be7 5. Nf3 Nd7 6. d3 Nh6 7. 0-0 0-0 8. e4 dxc4 9. dxc4 Qb6+ 10. Kh1 Ng4 11. Qe2 Bc5 12. b4 Bxb4 13. h3 Nh6 14. f5 e5 15. f6 c5 16. fxg7 Kxg7 17. Nh4 Nf6 18. Bxh6+ Kxh6 19. Qe3+ Kg7 20. Qg5+ Kh8 21. a3 Ba5 22. Qxe5 Qe6 23. Qxf6+ Qxf6 24. Rxf6 Be6 25. Rf1 Bxc4 26. Rc1 b5 27. Nc3 Bc7 28. Nf5 Be5 29. Rab1 Bd3 30. Rb3 Bc4 31. Rb2 Rfd8 32. Rf2 Rd3 33. Rf3 a6 34. Rxd3 Bxd3 35. Bf3 b4 36. axb4 cxb4 37. Be2 Bxe2 38. Nxe2 b3 39. Nfd4 b2 40. Rb1 Bxd4 41. Nxd4 Rb8 42. Kg2 a5 43. Kf3 a4 44. Nc2 Rb3+ 45. Kf4 Kg7 46. h4 f6 47. g4 h6 48. Na3 Rxa3 49. Rxb2 Rb3 50. Rc2 Rb7 51. Rc3 Ra7 52. Ra3 Ra5 53. e5 fxe5+ 54. Kf5 Kf7 55. h5 e4+ 56. Kxe4 Kf6 57. Kf4 Ra6 58. Kg3 Kg5 59. Kh3 Kf4 60. Kh4 Ra5 61. Kh3 Ke4 62. g5 Kf4 63. gxh6 Rxh5+ 64. Kg2 Rxh6 1/2-1/2

[Event "Rhein Main op 10th"]
[Site "Bad Homburg"]
[Date "2007.06.09"]
[Round "5"]
[White "Will, Dominik"]
[Black "Feigl, Markus"]
[Result "1/2-1/2"]
[WhiteElo "1450"]
[BlackElo "1884"]
[PlyCount "138"]
[EventDate "2007.06.06"]
[EventType "swiss"]
[EventRounds "7"]
[EventCountry "GER"]
[SourceTitle "EXT 2008"]
[Source "ChessBase"]
[SourceDate "2007.11.25"]
[SourceVersion "1"]
[SourceVersionDate "2007.11.25"]
[SourceQuality "1"]

1. e4 e6 2. d4 d5 3. Nc3 Bb4 4. e5 c5 5. Bd2 cxd4 6. Nb5 Bxd2+ 7. Qxd2 Nc6 8. Nd6+ Kf8 9. f4 Qb6 10. 0-0-0 Nge7 11. g4 h5 12. Be2 hxg4 13. Bxg4 Nf5 14. Bxf5 exf5 15. h4 a5 16. Nf3 d3 17. Qxd3 Nb4 18. Qa3 Qc5 19. Rh2 b5 20. Kb1 Be6 21. Nd4 g6 22. c3 Na6 23. Qxc5 Nxc5 24. N4xb5 Rb8 25. Nc7 Na4 26. Ka1 Nb6 27. Rg1 Ke7 28. Ncb5 Bd7 29. Nd4 a4 30. h5 Rh7 31. Rgh1 Rbh8 32. h6 f6 33. Nf3 Rg8 34. Nb7 fxe5 35. Ng5 Rhh8 36. fxe5 Rf8 37. Re1 Bc6 38. Nc5 Rc8 39. Nd3 Be8 40. Nf4 Rc4 41. Rg1 a3 42. Rh3 axb2+ 43. Kxb2 Ra4 44. Kb3 Ra5 45. a3 Rb5+ 46. Ka2 Nc4 47. Rb1 Nxe5 48. Rxb5 Bxb5 49. Nxd5+ Kd6 50. Nf4 Bc4+ 51. Kb2 Nf7 52. Nxf7+ Bxf7 53. a4 g5 54. Nd3 g4 55. Rh2 Rb8+ 56. Kc1 Bg6 57. a5 f4 58. h7 Bxd3 59. h8Q Rxh8 60. Rxh8 g3 61. Rd8+ Kc6 62. Rg8 Be4 63. Kd2 g2 64. Ke2 Kb5 65. Kf2 f3 66. Rg5+ Ka6 67. c4 Ba8 68. Re5 Bb7 69. Rg5 Ba8 1/2-1/2

[Event "Rhein Main op 10th"]
[Site "Bad Homburg"]
[Date "2007.06.07"]
[Round "2"]
[White "Feigl, Markus"]
[Black "Scholz, Bodo"]
[Result "1-0"]
[WhiteElo "1884"]
[BlackElo "1387"]
[PlyCount "47"]
[EventDate "2007.06.06"]
[EventType "swiss"]
[EventRounds "7"]
[EventCountry "GER"]
[SourceTitle "EXT 2008"]
[Source "ChessBase"]
[SourceDate "2007.11.25"]
[SourceVersion "1"]
[SourceVersionDate "2007.11.25"]
[SourceQuality "1"]

1. e4 c6 2. d4 d5 3. e5 c5 4. dxc5 e6 5. Nc3 Bxc5 6. Qg4 Ne7 7. Qxg7 Ng6 8. Qh6 Nc6 9. Bb5 Ngxe5 10. Bg5 Bxf2+ 11. Kf1 Qb6 12. Qf6 Ng6 13. Qxf2 Qc7 14. Re1 Qd6 15. Qf6 Bd7 16. Nf3 Nce7 17. Bxd7+ Kxd7 18. Ne5+ Nxe5 19. Qxe5 Qb6 20. Bxe7 Qa6+ 21. Kf2 Kxe7 22. Nxd5+ Kd7 23. Qc7+ Ke8 24. Qe7# 1-0

[Event "Rhein Main op 10th"]
[Site "Bad Homburg"]
[Date "2007.06.07"]
[Round "3"]
[White "Goloborodko, Dimitri"]
[Black "Feigl, Markus"]
[Result "1-0"]
[WhiteElo "2062"]
[BlackElo "1884"]
[PlyCount "65"]
[EventDate "2007.06.06"]
[EventType "swiss"]
[EventRounds "7"]
[EventCountry "GER"]
[SourceTitle "EXT 2008"]
[Source "ChessBase"]
[SourceDate "2007.11.25"]
[SourceVersion "1"]
[SourceVersionDate "2007.11.25"]
[SourceQuality "1"]

1. e4 e6 2. d4 d5 3. Nd2 a6 4. c3 Be7 5. Bd3 c6 6. e5 c5 7. Qg4 g6 8. Ndf3 Nc6 9. Ne2 c4 10. Bc2 b5 11. h4 h5 12. Qf4 Nh6 13. Ng5 Nf5 14. g4 hxg4 15. Qxg4 Bxg5 16. Bxg5 Nce7 17. Bf6 Rh7 18. Kd2 Kd7 19. Nf4 Qf8 20. h5 gxh5 21. Nxh5 Kc7 22. Bxe7 Qxe7 23. Bxf5 exf5 24. Qg8 Rh6 25. Nf4 Bb7 26. Qg7 Rxh1 27. Rxh1 b4 28. Rh7 bxc3+ 29. bxc3 Rf8 30. Qxf8 Qxf8 31. Ne6+ Kd7 32. Nxf8+ Ke8 33. Rh8 1-0

[Event "Rhein Main op 10th"]
[Site "Bad Homburg"]
[Date "2007.06.06"]
[Round "1"]
[White "Schramm, Christian"]
[Black "Feigl, Markus"]
[Result "1-0"]
[WhiteElo "2325"]
[BlackElo "1884"]
[PlyCount "61"]
[EventDate "2007.06.06"]
[EventType "swiss"]
[EventRounds "7"]
[EventCountry "GER"]
[SourceTitle "EXT 2008"]
[Source "ChessBase"]
[SourceDate "2007.11.25"]
[SourceVersion "1"]
[SourceVersionDate "2007.11.25"]
[SourceQuality "1"]

1. e4 e6 2. d4 d5 3. Nc3 c6 4. e5 c5 5. dxc5 Bxc5 6. Qg4 g6 7. Nf3 Nc6 8. Bd3 Bd7 9. a3 a6 10. h4 h5 11. Qg3 Nce7 12. 0-0 Qc7 13. Bg5 Bc6 14. b4 Ba7 15. a4 Bd7 16. Ne2 Rc8 17. Qf4 Nf5 18. b5 a5 19. b6 Bxb6 20. Ned4 Bxd4 21. Nxd4 Nxd4 22. Qxd4 Qc5 23. Qf4 Ne7 24. Rab1 Bc6 25. Bf6 Rh7 26. Rb3 Nf5 27. Rfb1 Nd4 28. Rxb7 Bxb7 29. Rxb7 Rc7 30. Qxd4 Qxd4 31. Bb5+ 1-0

[Event "Rhein Main op 09th"]
[Site "Bad Homburg"]
[Date "2006.06.18"]
[Round "6.26"]
[White "Lanz, Udo"]
[Black "Feigl, Markus"]
[Result "1-0"]
[WhiteElo "1985"]
[BlackElo "1751"]
[PlyCount "133"]
[EventDate "2006.06.14"]
[EventType "swiss"]
[EventRounds "7"]
[EventCountry "GER"]
[SourceTitle "EXT 2007"]
[Source "ChessBase"]
[SourceDate "2006.11.23"]
[SourceVersion "1"]
[SourceVersionDate "2006.11.23"]
[SourceQuality "1"]

1. e4 e6 2. d4 d5 3. e5 Nd7 4. c3 Be7 5. Nf3 g6 6. Bd3 Kf8 7. Be3 Kg7 8. Qd2 h5 9. Qc2 Nf8 10. Nbd2 Nh6 11. 0-0-0 g5 12. h3 Ng6 13. g3 Bd7 14. Nh2 Be8 15. f4 f5 16. exf6+ Bxf6 17. Ndf3 g4 18. hxg4 hxg4 19. Ne5 Bxe5 20. fxe5 Nf5 21. Bxf5 exf5 22. Qxf5 Bd7 23. e6 Qe7 24. Qxg4 Bxe6 25. Qg5 Qxg5 26. Bxg5 Raf8 27. Rd2 Rh5 28. Bh4 Nxh4 29. gxh4 Rxh4 30. Rg1+ Kf6 31. Nf3 Rf4 32. Ne5 Bf5 33. Rh2 Ke7 34. Rg7+ Kd8 35. b3 Be4 36. Kb2 Kc8 37. Ka3 c6 38. Kb4 Rf2 39. Rh6 Rxa2 40. Re6 Ra6 41. Nd7 Rd8 42. Ree7 b6 43. Ne5 c5+ 44. dxc5 bxc5+ 45. Kxc5 d4 46. cxd4 Rad6 47. Rxa7 Rd5+ 48. Kb4 Rxd4+ 49. Ka3 Kb8 50. Rgc7 Rd1 51. Kb4 R8d4+ 52. Kc3 R4d3+ 53. Nxd3 Rxd3+ 54. Kc4 Rd6 55. b4 Rd1 56. Rg7 Rd8 57. Rad7 Rc8+ 58. Kd4 Bc6 59. Rd6 Ka8 60. Rdg6 Rd8+ 61. Kc5 Bd5 62. Rd6 Rxd6 63. Kxd6 Bb7 64. b5 Kb8 65. Rg8+ Ka7 66. Kc7 Bd5 67. Rg3 1-0

[Event "Rhein Main op 09th"]
[Site "Bad Homburg"]
[Date "2006.06.15"]
[Round "2.24"]
[White "Chandler, Patrick"]
[Black "Feigl, Markus"]
[Result "1-0"]
[WhiteElo "2199"]
[BlackElo "1751"]
[PlyCount "143"]
[EventDate "2006.06.14"]
[EventType "swiss"]
[EventRounds "7"]
[EventCountry "GER"]
[SourceTitle "EXT 2007"]
[Source "ChessBase"]
[SourceDate "2006.11.23"]
[SourceVersion "1"]
[SourceVersionDate "2006.11.23"]
[SourceQuality "1"]

1. e4 e6 2. d3 d5 3. Nd2 Nd7 4. Ngf3 Be7 5. g3 b6 6. Bg2 Bb7 7. 0-0 Ngf6 8. e5 Ng8 9. d4 c6 10. Nb3 a5 11. Be3 a4 12. Nc1 b5 13. a3 Nb6 14. Nd3 Nd7 15. Re1 g6 16. c3 Kf8 17. Qd2 Kg7 18. h4 h5 19. Bh3 Nh6 20. Bg5 Nf8 21. Nf4 Bxg5 22. Nxg5 Bc8 23. Qd3 Qe7 24. Re3 Bd7 25. Rae1 Re8 26. Kg2 Ra8 27. f3 Nf5 28. Bxf5 gxf5 29. Qd2 Ng6 30. R3e2 Rag8 31. Kf2 Kf8 32. Ra1 Kg7 33. Ree1 Ra8 34. Rg1 Kf8 35. Rg2 Ke8 36. Rh1 Kd8 37. Ngh3 Kc7 38. Nd3 Be8 39. Nc5 Kb6 40. Nd3 Bd7 41. Qg5 Rag8 42. Nc5 Kc7 43. Qd2 Ra8 44. Ng5 Be8 45. Rgh2 Kb6 46. Nh3 Nxe5 47. dxe5 Qxc5+ 48. Qd4 Bd7 49. Ng5 Raf8 50. Ke3 f6 51. exf6 Rxf6 52. Kf4 Qxd4+ 53. cxd4 Rc8 54. Rc1 c5 55. dxc5+ Rxc5 56. Rxc5 Kxc5 57. Ke5 Rg6 58. Rc2+ Kb6 59. Kd6 Be8 60. Rc8 Rg8 61. Nxe6 Bf7 62. Rxg8 Bxg8 63. Nd4 Bf7 64. Nxf5 b4 65. Nd4 b3 66. g4 hxg4 67. fxg4 Kb7 68. h5 Kc8 69. Ke7 Bg8 70. g5 Kc7 71. g6 Kb6 72. Kd6 1-0

[Event "Rhein Main op 09th"]
[Site "Bad Homburg"]
[Date "2006.06.14"]
[Round "1.48"]
[White "Feigl, Markus"]
[Black "Huss, Rolf"]
[Result "1/2-1/2"]
[WhiteElo "1751"]
[BlackElo "2112"]
[PlyCount "108"]
[EventDate "2006.06.14"]
[EventType "swiss"]
[EventRounds "7"]
[EventCountry "GER"]
[SourceTitle "EXT 2007"]
[Source "ChessBase"]
[SourceDate "2006.11.23"]
[SourceVersion "1"]
[SourceVersionDate "2006.11.23"]
[SourceQuality "1"]

1. e4 Nf6 2. Nc3 d5 3. e5 Ne4 4. Qf3 Nxc3 5. bxc3 c5 6. Bb5+ Nc6 7. Ne2 g6 8. 0-0 Bf5 9. d3 Bg7 10. Qg3 0-0 11. Bxc6 bxc6 12. Bf4 Rb8 13. Qe3 Qa5 14. Qc1 Rfe8 15. h3 Rb7 16. a4 f6 17. d4 cxd4 18. cxd4 Qb4 19. c3 Qc4 20. Re1 Bd3 21. Qd2 fxe5 22. Bxe5 Bxe5 23. dxe5 Reb8 24. Nd4 Rb1 25. Raxb1 Rxb1 26. Rxb1 Bxb1 27. Qb2 Bf5 28. Qb8+ Kf7 29. Qh8 Qxc3 30. Qxh7+ Ke8 31. Qh8+ Kd7 32. e6+ Bxe6 33. Qe5 Bf7 34. Nf3 Qxe5 35. Nxe5+ Ke6 36. Nxc6 Be8 37. Nd4+ Ke5 38. Nf3+ Kd6 39. a5 e5 40. Kf1 d4 41. Ke2 Kd5 42. Kd2 e4 43. Ng5 Bc6 44. h4 Ke5 45. g3 Bd5 46. Nh3 Be6 47. Nf4 Bf5 48. Ne2 Kd5 49. Nf4+ Kc4 50. g4 Bxg4 51. Nxg6 Kd5 52. h5 Bxh5 53. Nf4+ Kc4 54. Nxh5 e3+ 1/2-1/2

[Event "Hessen-chB"]
[Site "Marburg"]
[Date "2006.04.14"]
[Round "6.21"]
[White "Hoellwarth, Kai"]
[Black "Feigl, Markus"]
[Result "1-0"]
[WhiteElo "1623"]
[BlackElo "1761"]
[PlyCount "154"]
[EventDate "2006.04.13"]
[EventType "swiss"]
[EventRounds "7"]
[EventCountry "GER"]
[SourceTitle "EXT 2007"]
[Source "ChessBase"]
[SourceDate "2006.11.23"]
[SourceVersion "1"]
[SourceVersionDate "2006.11.23"]
[SourceQuality "1"]

1. Nf3 g6 2. d4 Bg7 3. g4 d6 4. Rg1 c6 5. g5 Nd7 6. Bd2 a5 7. Bc3 d5 8. Nbd2 b5 9. a3 Nb6 10. b3 Bf5 11. Ne5 Bxe5 12. dxe5 d4 13. Bb2 Qd7 14. Bg2 Rc8 15. Ne4 Bxe4 16. Bxe4 c5 17. Qd3 e6 18. h4 Ne7 19. h5 Rd8 20. 0-0-0 Nbd5 21. Qf3 Qc7 22. Bxd5 Nxd5 23. e4 Nb6 24. Qf6 Rg8 25. hxg6 hxg6 26. Rh1 Nd7 27. Qf4 b4 28. axb4 axb4 29. Rh7 Rf8 30. Rdh1 Qxe5 31. Qxe5 Nxe5 32. f4 Nc6 33. Rg7 Rd7 34. Rhh7 Re7 35. Kd2 e5 36. f5 gxf5 37. exf5 e4 38. Rh6 Ne5 39. Ra6 Rd7 40. Ra8+ Rd8 41. Ra7 Nd7 42. f6 Rh8 43. g6 fxg6 44. Re7+ Kf8 45. Raxd7 Rh2+ 46. Kd1 Rxd7 47. Rxd7 Rh1+ 48. Kd2 Rb1 49. Bxd4 cxd4 50. Rxd4 Rf1 51. Rxe4 Rf2+ 52. Kd3 Rf3+ 53. Ke2 Rc3 54. Kd2 Rf3 55. Rxb4 Rxf6 56. Ke3 Ke7 57. Re4+ Kd7 58. b4 Rf1 59. c4 Rb1 60. c5 Kc6 61. Re6+ Kd5 62. Rb6 g5 63. Kf3 Re1 64. c6 Kd6 65. b5 Re8 66. Rb7 Rg8 67. c7 Rf8+ 68. Kg4 Rf4+ 69. Kxg5 Rc4 70. b6 Kd7 71. Kf6 Rc1 72. Rb8 Rf1+ 73. Ke5 Re1+ 74. Kd4 Rd1+ 75. Kc3 Rc1+ 76. Kd2 Rc6 77. Rd8+ Ke7 1-0

[Event "Hessen-chB"]
[Site "Marburg"]
[Date "2006.04.13"]
[Round "2.10"]
[White "Kartmann, Juergen"]
[Black "Feigl, Markus"]
[Result "1-0"]
[WhiteElo "2054"]
[BlackElo "1761"]
[PlyCount "117"]
[EventDate "2006.04.13"]
[EventType "swiss"]
[EventRounds "7"]
[EventCountry "GER"]
[SourceTitle "EXT 2007"]
[Source "ChessBase"]
[SourceDate "2006.11.23"]
[SourceVersion "1"]
[SourceVersionDate "2006.11.23"]
[SourceQuality "1"]

1. e4 e6 2. d4 d5 3. Nd2 a6 4. e5 c5 5. c3 Nc6 6. Ngf3 Bd7 7. Bd3 c4 8. Bc2 b5 9. 0-0 g6 10. b3 Nge7 11. Re1 Bg7 12. Nf1 h6 13. Ng3 Qc7 14. Bd2 Rc8 15. bxc4 bxc4 16. Qc1 Qa5 17. h3 Kd8 18. a4 Nf5 19. Ne2 Kc7 20. Nf4 Bf8 21. Nh2 Be7 22. Ne2 g5 23. Ng3 Ng7 24. Ng4 Rb8 25. Nf6 Ne8 26. Nfh5 Bf8 27. Rf1 Rg8 28. Bd1 Qb6 29. Bc2 Qa5 30. Bh7 Rh8 31. Bb1 Kc8 32. f4 Qb6 33. Bc2 gxf4 34. Bxf4 Ng7 35. Nf6 Ne8 36. Nh7 Be7 37. Kh2 Qa5 38. Rf3 Qd8 39. Bxh6 f5 40. exf6 Nxf6 41. Nxf6 Bxf6 42. Qf4 Be7 43. Qe3 Rb2 44. Rf2 Qg8 45. Bf4 Bh4 46. Bh7 Bxg3+ 47. Bxg3 Rxh7 48. Rxb2 Qg4 49. Rab1 e5 50. Bxe5 Kd8 51. Rb8+ Bc8 52. Bf6+ Kc7 53. Be5+ Kd8 54. R1b7 Qf5 55. Rxh7 Qxh7 56. Qg5+ Ne7 57. Bf6 Kc7 58. Qe5+ Kd7 59. Bxe7 1-0

[Event "Rhein Main op 08th"]
[Site "Bad Homburg"]
[Date "2005.05.30"]
[Round "7"]
[White "Hilbenz, Guntram"]
[Black "Feigl, Markus"]
[Result "1-0"]
[WhiteElo "2076"]
[BlackElo "1765"]
[PlyCount "86"]
[EventDate "2005.05.25"]
[EventType "swiss"]
[EventRounds "7"]
[EventCountry "GER"]
[SourceTitle "EXT 2006"]
[Source "ChessBase"]
[SourceDate "2005.11.24"]
[SourceVersion "1"]
[SourceVersionDate "2005.11.24"]
[SourceQuality "1"]

1. c4 g6 2. g3 Bg7 3. Bg2 Nc6 4. Nc3 e6 5. Nf3 Nf6 6. d4 d5 7. Bg5 Ne7 8. 0-0 h6 9. Bxf6 Bxf6 10. e4 c6 11. cxd5 exd5 12. Qd2 Bg7 13. Rfe1 0-0 14. Rad1 Bg4 15. h3 Be6 16. b4 Qc8 17. Kh2 Qb8 18. a4 Rd8 19. e5 Qc7 20. Rc1 Qd7 21. a5 b5 22. Nd1 Bf8 23. Nb2 Rab8 24. Nd3 Kg7 25. Nc5 Qc8 26. Ng1 Ng8 27. f4 Bxc5 28. Rxc5 Qd7 29. Qe2 Ne7 30. g4 Rh8 31. Kg3 g5 32. Rf1 gxf4+ 33. Rxf4 Rbg8 34. Nf3 Kf8 35. Kh2 h5 36. g5 Ke8 37. h4 Bg4 38. Qf2 Nf5 39. e6 fxe6 40. Ne5 Qd6 41. Rxc6 Qe7 42. Rc8+ Qd8 43. Rxd8+ Kxd8 1-0

[Event "Rhein Main op 08th"]
[Site "Bad Homburg"]
[Date "2005.05.26"]
[Round "3"]
[White "Reinert, Stephane"]
[Black "Feigl, Markus"]
[Result "1-0"]
[WhiteElo "2104"]
[BlackElo "1765"]
[PlyCount "69"]
[EventDate "2005.05.25"]
[EventType "swiss"]
[EventRounds "7"]
[EventCountry "GER"]
[SourceTitle "EXT 2006"]
[Source "ChessBase"]
[SourceDate "2005.11.24"]
[SourceVersion "1"]
[SourceVersionDate "2005.11.24"]
[SourceQuality "1"]

1. d4 e6 2. Nf3 Nf6 3. Bg5 Be7 4. Nbd2 h6 5. Bxf6 Bxf6 6. e4 g6 7. Bd3 d5 8. Qe2 c6 9. 0-0-0 a5 10. Ne5 Bxe5 11. dxe5 Bd7 12. f4 Qc7 13. g4 Na6 14. c3 Nc5 15. Bc2 a4 16. Rhf1 b5 17. exd5 cxd5 18. f5 gxf5 19. gxf5 0-0-0 20. Nf3 Qb6 21. a3 Bc6 22. Nd4 Kb7 23. fxe6 fxe6 24. Rf6 Bd7 25. Rdf1 Rc8 26. Nf5 Ka7 27. Ne7 Rce8 28. Nxd5 Qb7 29. Nb4 Reg8 30. Qe3 Qb6 31. Nd5 Nb3+ 32. Bxb3 Qxe3+ 33. Nxe3 axb3 34. Rf7 Rd8 35. Rd1 1-0